Southamerican Airport Code Quiz - Statistics

General Stats
  • This quiz has been taken 334 times
    329 since last reset
  • The average score is 13 of 23
Answer Stats
Hint Answer % Correct
BOG Bogota
96%
LIM Lima
95%
EZE Buenos Aires - Ezeiza
87%
CGH Sao Paulo - Congonhas
86%
MVD Montevideo
83%
SCL Santiago de Chile
82%
ASU Asuncion
78%
CCS Caracas
75%
BSB Brasilia
67%
UIO Quito
67%
REC Recife
62%
MDE Medellin
58%
FOR Fortaleza
57%
GEO Georgetown
53%
PBM Paramaribo
53%
CAY Cayenne
44%
POA Porto Alegre
43%
CNF Belo Horizonte
35%
GRU Sao Paulo - Guarulhos
31%
ANF Antofagasta
23%
SDU Rio de Janeiro - Santos Dumont
23%
AEP Buenos Aires - Jorge Newbery
20%
GIG Rio de Janeiro - Antonio Carlos Jobim
8%
No matching quizzes found
Score Distribution
Percent of People with Each Score
Percentile by Number Answered
Your Score History
You have not taken this quiz since the last reset